How I met your mother Quiz (Deutsch) - Statistiken

Allgemein
  • Dieses Quiz wurde 1.349 mal gespielt
  • Das Durchschnittsergebnis liegt bei 14 aus 20
Antwortstatistiken
Frage Antwort % Korrekt
Wie ist der Name von Marshall´s erstem Sohn Marvin
94%
Wie hieß die in Ted´s Wohnung, für einen Abend gegründete Bar von Ted und Barney Puzzles
91%
Wie heißt das Glückspiel nach dem Barney süchtig ist Xing Hai Shi Bu Xing
91%
Welche Filme schauen sich Ted, Barney und Marshall alle 3 Jahre an Star Wars
89%
Wie ist der Name von Marshall´s Vater Marvin
88%
Wie wurde Marijuhana in der Serie dargestellt Sandwiches
88%
Welche Frau stahl Ted dem Captain Zoey
87%
Wie heißt der erste News Kanal bei dem Robin arbeitet nachdem sie nach Amerika kam Metro News 1
75%
Mit wem hatte Barney sein erstes Mal Rhonda
73%
Was hat Robin im Central Park vergraben Medallion
70%
Wie heißt die Mutter von Ted´s Kindern Tracy McConnell
67%
Welcher dieser Maschen war nicht im Playbook Der nackte Mann
66%
Wie heißt die Folge in der das Playbook von Barney zum ersten mal gezeigt wird Der Sporttaucher
63%
Wie hieß der Partner von Robin der einem Hund sehr ähnelt Scooby
63%
Wie hieß die Frau mit der Barney´s seine erste Beziehung hatte Shannon
59%
Welcher Nebencharackter tritt in der Serie in den meisten Folgen auf Ranjeet
58%
Wie viele Shots hat Ted in der Folge Ananas-Vorfall getrunken wodurch er sich an nichts mehr erinnern konnte 5
53%
Wie viele Staffeln und Folgen hat HIMYM 9 Staffeln und 208 Folgen
53%
Wie hieß der Shot der vorherigen Frage (eine Kreation von Carl) Red Dragon
45%
Was waren die letzten Worte von Marshall´s Vater an ihn Er frägt Marshall nach einer Fußcreme
35%
Keine übereinstimmenden Quizze gefunden
Verteilung der Resultate
Anzahl Personen mit jedem Resultat
Perzentil nach korrekt beantworteten Fragen
Ihre Resultats-Entwicklung
Sie haben dieses Quiz noch nicht gespielt